[Event "Groningen Talent m"]
[Site "Groningen"]
[Date "2022.12.26"]
[Round "4"]
[White "Hoeksema, Hendrik Pieter"]
[Black "Slagboom, Leandro"]
[Result "1/2-1/2"]
[WhiteElo "2318"]
[BlackElo "2177"]
[PlyCount "57"]
[EventDate "2022.12.26"]
[EventType "match"]
[EventRounds "4"]
[EventCountry "NED"]
[SourceTitle "CBM 211 Extra"]
[Source "ChessBase"]
[SourceDate "2023.01.31"]
[SourceVersion "1"]
[SourceVersionDate "2023.01.31"]
[SourceQuality "1"]

1. c4 e6 2. Nf3 d5 3. d4 Nf6 4. Bg5 dxc4 5. Qa4+ Nbd7 6. e4 Be7 7. Nc3 0-0 8. Qxc4 h6 9. Bf4 c5 10. dxc5 Bxc5 11. b4 Be7 12. Be2 a6 13. Bc7 Qe8 14. e5 Nd5 15. Nxd5 exd5 16. Qd4 Nb8 17. a3 Be6 18. 0-0 Nc6 19. Qe3 Qd7 20. Bb6 f6 21. Rad1 Rae8 22. exf6 Bxf6 23. Bc5 Rf7 24. Qd2 Bd8 25. Nd4 b6 26. Nxc6 Qxc6 27. Bd4 Ree7 28. Rc1 Qa4 29. Bb2 1/2-1/2

[Event "NED-chT 2122"]
[Site "Netherlands"]
[Date "2022.04.23"]
[Round "9.5"]
[White "Wantola, Ivo"]
[Black "Hoeksema, Hendrik Pieter"]
[Result "1/2-1/2"]
[WhiteElo "2342"]
[BlackElo "2337"]
[PlyCount "41"]
[EventDate "2021.09.18"]
[EventType "team-tourn"]
[EventRounds "9"]
[EventCountry "NED"]
[SourceTitle "EXT 2023"]
[Source "ChessBase"]
[SourceDate "2022.10.05"]
[SourceVersion "1"]
[SourceVersionDate "2022.10.05"]
[SourceQuality "1"]
[WhiteTeam "Zuid Limburg"]
[BlackTeam "Groningen Combinatie"]
[WhiteTeamCountry "NED"]
[BlackTeamCountry "NED"]

1. Nf3 Nf6 2. c4 b6 3. g3 Bb7 4. Bg2 c5 5. 0-0 g6 6. Nc3 Bg7 7. Re1 d6 8. e4 e5 9. d3 0-0 10. h4 Nc6 11. Nh2 Nd4 12. Ne2 Nxe2+ 13. Qxe2 Qd7 14. a4 a6 15. b3 b5 16. Bg5 Bc6 17. axb5 axb5 18. Qb2 Qb7 19. Rxa8 Rxa8 20. Ra1 Bd7 21. Nf1 1/2-1/2

[Event "NED-chT 2122"]
[Site "Netherlands"]
[Date "2022.03.12"]
[Round "7.8"]
[White "Hoeksema, Hendrik Pieter"]
[Black "Serntedakis, Athanasios"]
[Result "1/2-1/2"]
[WhiteElo "2337"]
[BlackElo "2150"]
[PlyCount "51"]
[EventDate "2021.09.18"]
[EventType "team-tourn"]
[EventRounds "9"]
[EventCountry "NED"]
[SourceTitle "EXT 2023"]
[Source "ChessBase"]
[SourceDate "2022.10.05"]
[SourceVersion "1"]
[SourceVersionDate "2022.10.05"]
[SourceQuality "1"]
[WhiteTeam "Groningen Combinatie"]
[BlackTeam "Caissa"]
[WhiteTeamCountry "NED"]
[BlackTeamCountry "NED"]

1. d4 Nf6 2. c4 e6 3. Nf3 Bb4+ 4. Bd2 Qe7 5. Nc3 Nc6 6. d5 exd5 7. Nxd5 Nxd5 8. cxd5 Ne5 9. Nxe5 Bxd2+ 10. Qxd2 Qxe5 11. Rc1 c6 12. d6 0-0 13. e3 b6 14. Bc4 Bb7 15. f4 Qe4 16. 0-0 c5 17. Rfe1 Rae8 18. Bb3 Qg6 19. Rcd1 Kh8 20. Bd5 Bxd5 21. Qxd5 Qe4 22. Kf2 f5 23. Qxe4 Rxe4 24. Rd3 g6 25. Kf3 h5 26. g3 1/2-1/2

[Event "Groninger Combinatie op"]
[Site "Groningen"]
[Date "2019.06.02"]
[Round "6"]
[White "Knol, Geon"]
[Black "Hoeksema, Hendrik Pieter"]
[Result "0-1"]
[WhiteElo "2082"]
[BlackElo "2349"]
[PlyCount "80"]
[EventDate "2019.05.30"]
[EventType "swiss"]
[EventRounds "7"]
[EventCountry "NED"]
[SourceTitle "CBM 190 Extra"]
[Source "ChessBase"]
[SourceDate "2019.07.15"]
[SourceVersion "1"]
[SourceVersionDate "2019.07.15"]
[SourceQuality "1"]

1. e4 d6 2. g3 c5 3. Nc3 Nc6 4. Bg2 g6 5. d3 Bg7 6. Be3 Nf6 7. h3 0-0 8. Qd2 e5 9. Nge2 Nd4 10. g4 Be6 11. Ng3 b5 12. Nd5 Nd7 13. c3 Nc6 14. 0-0 Bxd5 15. exd5 Ne7 16. c4 f5 17. Bg5 Bf6 18. Bh6 Rf7 19. cxb5 Bh4 20. Ne2 fxg4 21. hxg4 Nf6 22. Bg5 Bxg5 23. Qxg5 Qf8 24. f4 h6 25. Qh4 exf4 26. g5 Nh5 27. gxh6 Qxh6 28. Nxf4 Nf5 29. Qh2 Nfg3 30. Rf3 Rxf4 31. Rxg3 Qg7 32. Re3 Qd4 33. Rae1 Re8 34. Be4 Rg4+ 35. Kh1 Re5 36. Rg1 Rxg1+ 37. Qxg1 Nf4 38. Qe1 Rh5+ 39. Kg1 Rh3 40. Kf2 Nxd3+ 0-1

[Event "Groninger Combinatie op"]
[Site "Groningen"]
[Date "2019.06.01"]
[Round "5"]
[White "Hoeksema, Hendrik Pieter"]
[Black "Wichtrup, Jan Louis"]
[Result "1/2-1/2"]
[WhiteElo "2349"]
[BlackElo "2110"]
[PlyCount "94"]
[EventDate "2019.05.30"]
[EventType "swiss"]
[EventRounds "7"]
[EventCountry "NED"]
[SourceTitle "CBM 190 Extra"]
[Source "ChessBase"]
[SourceDate "2019.07.15"]
[SourceVersion "1"]
[SourceVersionDate "2019.07.15"]
[SourceQuality "1"]

1. Nf3 Nf6 2. c4 e6 3. Nc3 d5 4. d4 Be7 5. Bf4 0-0 6. e3 Nbd7 7. a3 c5 8. cxd5 Nxd5 9. Nxd5 exd5 10. dxc5 Nxc5 11. Be2 Bg4 12. 0-0 Bf6 13. Ne5 Bxe2 14. Qxe2 Qe7 15. Ng4 Ne6 16. Nxf6+ Qxf6 17. Bg3 a6 18. Rfd1 Rfd8 19. Rac1 Rac8 20. Rxc8 Rxc8 21. h3 Qf5 22. Qd3 Qxd3 23. Rxd3 Rd8 24. Be5 f6 25. Bc3 Kf7 26. f3 Rd7 27. g4 h6 28. Kg2 Nd8 29. e4 Ke6 30. f4 dxe4 31. f5+ Ke7 32. Bb4+ Ke8 33. Rxd7 Kxd7 34. Bf8 Nf7 35. Bxg7 Ke7 36. Kf2 Ng5 37. Bxh6 Nxh3+ 38. Ke3 Kd6 39. Kxe4 Nf2+ 40. Kf3 Nd3 41. b3 Ke5 42. Ke3 Nc5 43. b4 Ne4 44. Bg7 Nd6 45. Kd3 Ne4 46. Ke3 Nd6 47. Kd3 Ne4 1/2-1/2

[Event "Groninger Combinatie op"]
[Site "Groningen"]
[Date "2019.05.31"]
[Round "3"]
[White "Hoeksema, Hendrik Pieter"]
[Black "Keuning, Selwin"]
[Result "1-0"]
[WhiteElo "2349"]
[BlackElo "2070"]
[PlyCount "101"]
[EventDate "2019.05.30"]
[EventType "swiss"]
[EventRounds "7"]
[EventCountry "NED"]
[SourceTitle "CBM 190 Extra"]
[Source "ChessBase"]
[SourceDate "2019.07.15"]
[SourceVersion "1"]
[SourceVersionDate "2019.07.15"]
[SourceQuality "1"]

1. c4 c5 2. Nf3 Nc6 3. b3 e5 4. Nc3 g6 5. g3 Bg7 6. Bg2 Nge7 7. 0-0 0-0 8. Bb2 d6 9. e3 h6 10. Ne1 Be6 11. Nd5 Rb8 12. Nc2 b5 13. d3 Qd7 14. f4 f6 15. Qd2 Kh7 16. Rf2 Bh3 17. Raf1 Bxg2 18. Kxg2 f5 19. Ne1 b4 20. Qc2 Qe6 21. e4 exf4 22. Nxf4 Qf7 23. Nf3 Ne5 24. Nxe5 Bxe5 25. Bxe5 dxe5 26. Nd5 Nc6 27. exf5 gxf5 28. Rxf5 Qxf5 29. Rxf5 Rxf5 30. Qe2 Rbf8 31. Qe4 Kg7 32. Ne3 R5f6 33. Ng4 Re6 34. Qd5 Rfe8 35. Qxc5 a5 36. Qd5 R8e7 37. Nf2 Kf8 38. Ne4 Nd4 39. Qxa5 Nc2 40. Qc5 Kg7 41. Nd6 Kg6 42. Qc6 Rf6 43. Qe4+ Kg7 44. c5 Nd4 45. h4 Kg8 46. Qa8+ Kh7 47. Ne4 Rg6 48. Qf8 Rge6 49. Nf6+ Kg6 50. Ne4 Re8 51. h5+ 1-0

[Event "NED-chT 1718"]
[Site "Netherlands"]
[Date "2018.04.07"]
[Round "8.7"]
[White "Erwich, Frank"]
[Black "Hoeksema, Hendrik Pieter"]
[Result "1/2-1/2"]
[WhiteElo "2346"]
[BlackElo "2340"]
[PlyCount "58"]
[EventDate "2017.09.16"]
[EventType "team-tourn"]
[EventRounds "9"]
[EventCountry "NED"]
[SourceTitle "EXT 2019"]
[Source "ChessBase"]
[SourceDate "2018.10.10"]
[SourceVersion "1"]
[SourceVersionDate "2018.10.10"]
[SourceQuality "1"]
[WhiteTeam "BSG"]
[BlackTeam "Groningen Combinatie"]
[WhiteTeamCountry "NED"]
[BlackTeamCountry "NED"]

1. e4 c5 2. Nf3 d6 3. Bb5+ Bd7 4. Bxd7+ Qxd7 5. c4 Nc6 6. d4 cxd4 7. Nxd4 Nf6 8. Nc3 g6 9. f3 Bg7 10. Be3 0-0 11. 0-0 Rac8 12. b3 Rfd8 13. Rc1 e6 14. Re1 d5 15. cxd5 exd5 16. Nxc6 bxc6 17. e5 Ne8 18. Bg5 f6 19. exf6 Nxf6 20. Na4 Re8 21. Rxe8+ Nxe8 22. Nc5 Qf5 23. Be3 Nd6 24. Bf2 Nb5 25. Qe2 Nc3 26. Qa6 Re8 27. Kh1 Qc8 28. Qxc8 Rxc8 29. Rc2 Re8 1/2-1/2

[Event "NED-chT 1718"]
[Site "Netherlands"]
[Date "2017.09.16"]
[Round "1.2"]
[White "Hausrath, Daniel"]
[Black "Hoeksema, Hendrik Pieter"]
[Result "1-0"]
[WhiteElo "2491"]
[BlackElo "2340"]
[PlyCount "159"]
[EventDate "2017.09.16"]
[EventType "team-tourn"]
[EventRounds "9"]
[EventCountry "NED"]
[SourceTitle "EXT 2019"]
[Source "ChessBase"]
[SourceDate "2018.10.10"]
[SourceVersion "1"]
[SourceVersionDate "2018.10.10"]
[SourceQuality "1"]
[WhiteTeam "Voerendaal"]
[BlackTeam "Groningen Combinatie"]
[WhiteTeamCountry "NED"]
[BlackTeamCountry "NED"]

1. Nf3 Nf6 2. g3 b6 3. Bg2 Bb7 4. 0-0 c5 5. c4 g6 6. b3 Bg7 7. Bb2 0-0 8. Nc3 d6 9. d4 cxd4 10. Nxd4 Bxg2 11. Kxg2 Qc7 12. e3 Nc6 13. Rc1 Rac8 14. Nd5 Qd7 15. Nxc6 Qxc6 16. Bxf6 Bxf6 17. Qf3 Kg7 18. h4 Rfe8 19. h5 Be5 20. e4 e6 21. Nb4 Qb7 22. Rcd1 f5 23. exf5 Qxf3+ 24. Kxf3 gxf5 25. Kg2 Kf7 26. f4 Bc3 27. Nc2 Red8 28. Rd3 Bf6 29. Ne3 a6 30. Rfd1 Be7 31. a4 Rb8 32. Nc2 Rbc8 33. Nd4 Bf6 34. Nf3 Ke7 35. Re1 Kf7 36. Red1 Ke7 37. Re1 Kf7 38. Re2 Rc5 39. Rde3 Re8 40. Ne1 Rcc8 41. Nc2 b5 42. cxb5 axb5 43. a5 d5 44. Na3 Rb8 45. b4 d4 46. Rd3 Rec8 47. Rc2 Rxc2+ 48. Nxc2 Rd8 49. Kf3 e5 50. fxe5 Bxe5 51. Na3 Rd5 52. Ke2 Ke6 53. Rf3 Bb8 54. Kd3 Kd7 55. Nc2 Kc8 56. Nxd4 Be5 57. Rxf5 Rxd4+ 58. Ke3 Bg7 59. h6 Bh8 60. Rc5+ Kb7 61. Rxb5+ Ka7 62. Rb6 Rd7 63. Ke4 Bc3 64. b5 Rd4+ 65. Kf5 Rd5+ 66. Ke6 Rg5 67. Rc6 Bxa5 68. Ra6+ Kb7 69. Rxa5 Rg6+ 70. Kf5 Rxh6 71. g4 Rh1 72. Ra6 h5 73. g5 h4 74. Rh6 h3 75. Kg6 h2 76. Rh5 Kb6 77. Kh6 Kxb5 78. g6+ Kc6 79. g7 Rg1 80. Rxh2 1-0

[Event "NED-chT 1617"]
[Site "Netherlands"]
[Date "2016.10.08"]
[Round "2.8"]
[White "Hoeksema, Hendrik Pieter"]
[Black "Van Haastert, Edwin"]
[Result "1/2-1/2"]
[WhiteElo "2331"]
[BlackElo "2447"]
[PlyCount "65"]
[EventDate "2016.09.17"]
[EventType "team-tourn"]
[EventRounds "9"]
[EventCountry "NED"]
[SourceTitle "EXT 2017"]
[Source "ChessBase"]
[SourceDate "2016.10.25"]
[SourceVersion "1"]
[SourceVersionDate "2016.10.25"]
[SourceQuality "1"]
[WhiteTeam "Groningen Combinatie"]
[BlackTeam "Leiden LSG"]
[WhiteTeamCountry "NED"]
[BlackTeamCountry "NED"]

1. Nf3 d5 2. d4 Nf6 3. c4 c6 4. Nc3 dxc4 5. a4 Bf5 6. e3 e6 7. Bxc4 Bb4 8. Qb3 Qe7 9. 0-0 0-0 10. Ne5 Nbd7 11. Nxd7 Nxd7 12. e4 Bg6 13. Bg5 Qxg5 14. Qxb4 c5 15. Qb5 Qe7 16. d5 Nb6 17. dxe6 Nxc4 18. Qxc4 fxe6 19. Rad1 Rad8 20. a5 Bf7 21. Na4 Rc8 22. Rd2 Qc7 23. b4 cxb4 24. Qxb4 Qc4 25. Rd4 Qxb4 26. Rxb4 Be8 27. Nb2 Rc5 28. Rxb7 Rxa5 29. Nc4 Ra4 30. Nd6 Bc6 31. Rc7 Bxe4 32. Nxe4 Rxe4 33. Rxa7 1/2-1/2

[Event "NED-chT 1415"]
[Site "Netherlands"]
[Date "2015.04.11"]
[Round "8.6"]
[White "Maatman, Nick"]
[Black "Hoeksema, Hendrik Pieter"]
[Result "1/2-1/2"]
[WhiteElo "2204"]
[BlackElo "2340"]
[PlyCount "69"]
[EventDate "2014.09.27"]
[EventType "team-tourn"]
[EventRounds "9"]
[EventCountry "NED"]
[SourceTitle "EXT 2016"]
[Source "ChessBase"]
[SourceDate "2015.10.08"]
[SourceVersion "1"]
[SourceVersionDate "2015.10.08"]
[SourceQuality "1"]
[WhiteTeam "SISSA"]
[BlackTeam "Groningen"]
[WhiteTeamCountry "NED"]
[BlackTeamCountry "NED"]

1. d4 Nf6 2. Nf3 e6 3. Bg5 c5 4. c3 d5 5. e3 Nbd7 6. Nbd2 Be7 7. Be2 0-0 8. 0-0 b6 9. a4 a6 10. Qb1 Bb7 11. b4 cxd4 12. cxd4 Ne4 13. Bxe7 Qxe7 14. Rc1 Rfc8 15. Qb2 Nxd2 16. Nxd2 g6 17. Nf3 Qd6 18. Ne5 Nxe5 19. dxe5 Qd8 20. a5 Rxc1+ 21. Rxc1 Rc8 22. Rxc8 Bxc8 23. axb6 Qxb6 24. Qd4 Qb7 25. Qc5 Bd7 26. h4 Bb5 27. Bxb5 axb5 28. h5 gxh5 29. Qd6 Qc8 30. Qe7 Qc4 31. Qd8+ Kg7 32. Qg5+ Kf8 33. Qd8+ Kg7 34. Qf6+ Kg8 35. Qd8+ 1/2-1/2

[Event "NED-chT 1415"]
[Site "Netherlands"]
[Date "2015.03.07"]
[Round "6.4"]
[White "Swinkels, Robin"]
[Black "Hoeksema, Hendrik Pieter"]
[Result "1-0"]
[WhiteElo "2493"]
[BlackElo "2340"]
[PlyCount "95"]
[EventDate "2014.09.27"]
[EventType "team-tourn"]
[EventRounds "9"]
[EventCountry "NED"]
[SourceTitle "EXT 2016"]
[Source "ChessBase"]
[SourceDate "2015.10.08"]
[SourceVersion "1"]
[SourceVersionDate "2015.10.08"]
[SourceQuality "1"]
[WhiteTeam "Calder HMC"]
[BlackTeam "Groningen"]
[WhiteTeamCountry "NED"]
[BlackTeamCountry "NED"]

1. d4 Nf6 2. Bg5 Ne4 3. Bf4 d5 4. e3 e6 5. Bd3 Bd6 6. Ne2 0-0 7. c4 Bxf4 8. Nxf4 Nf6 9. Nd2 dxc4 10. Nxc4 Nc6 11. 0-0 Qe7 12. Ne5 Nxe5 13. dxe5 Nd7 14. Qc2 Nxe5 15. Bxh7+ Kh8 16. Be4 c6 17. Rad1 Nd7 18. Nd3 e5 19. Rd2 Nf6 20. Qc5 Qe8 21. f3 Nd7 22. Qc2 f5 23. Nf2 fxe4 24. Nxe4 Nf6 25. Nd6 Qe7 26. Qg6 Be6 27. f4 Nh7 28. fxe5 Rxf1+ 29. Kxf1 Bxa2 30. Qg3 Rf8+ 31. Kg1 Be6 32. Rd4 g5 33. h4 Rg8 34. h5 Rf8 35. Ra4 a6 36. Qe1 Bf7 37. Qc3 Bxh5 38. Rb4 b5 39. Qc5 Bg6 40. Rd4 Rb8 41. Kh1 Rg8 42. Rg4 Nf8 43. Rg3 Rg7 44. Kg1 Kg8 45. b4 Rh7 46. Rf3 Nd7 47. Qxc6 Qxe5 48. Qc8+ 1-0

[Event "NED-chT 1415"]
[Site "Netherlands"]
[Date "2015.02.07"]
[Round "5.1"]
[White "Sprenger, Jan Michael"]
[Black "Hoeksema, Hendrik Pieter"]
[Result "1-0"]
[WhiteElo "2479"]
[BlackElo "2340"]
[PlyCount "105"]
[EventDate "2014.09.27"]
[EventType "team-tourn"]
[EventRounds "9"]
[EventCountry "NED"]
[SourceTitle "EXT 2016"]
[Source "ChessBase"]
[SourceDate "2015.10.08"]
[SourceVersion "1"]
[SourceVersionDate "2015.10.08"]
[SourceQuality "1"]
[WhiteTeam "Leiden LSG"]
[BlackTeam "Groningen"]
[WhiteTeamCountry "NED"]
[BlackTeamCountry "NED"]

1. e4 c5 2. Nf3 d6 3. d4 cxd4 4. Nxd4 Nf6 5. Nc3 Nc6 6. g3 e5 7. Nb3 Be7 8. Bg2 0-0 9. 0-0 Bg4 10. f3 Be6 11. Nd5 Bxd5 12. exd5 Na5 13. f4 Nc4 14. Kh1 Rc8 15. c3 Re8 16. Qe2 Bf8 17. fxe5 Rxe5 18. Qf2 Qd7 19. Qxa7 Nxd5 20. Bf4 Nxf4 21. Rxf4 d5 22. Raf1 f6 23. R4f2 Ne3 24. Rc1 Rc4 25. Bf3 Ra4 26. Nc5 Bxc5 27. Qxc5 Rc4 28. Qb6 Re6 29. Qb3 Re5 30. Re1 Rc8 31. Rxe3 Rxe3 32. Qxd5+ Qxd5 33. Bxd5+ Kf8 34. Bxb7 Rc5 35. a4 Re1+ 36. Kg2 Ra1 37. Be4 Rxa4 38. Bxh7 Ke7 39. Bg8 Kd6 40. Rd2+ Kc7 41. Bd5 Ra1 42. h4 Re1 43. Kf2 Rc1 44. c4 Rb1 45. Kf3 Kb6 46. Kg4 Ka5 47. Kf5 Rg1 48. Rd3 Kb4 49. Kg6 Rc7 50. Rf3 Re1 51. g4 Kc5 52. h5 Re5 53. Rf5 1-0

[Event "Groningen op 52nd"]
[Site "Groningen"]
[Date "2014.12.28"]
[Round "7"]
[White "Burcu, Cagatay"]
[Black "Hoeksema, Hendrik Pieter"]
[Result "1/2-1/2"]
[WhiteElo "2149"]
[BlackElo "2342"]
[PlyCount "91"]
[EventDate "2014.12.21"]
[EventType "swiss"]
[EventRounds "9"]
[EventCountry "NED"]
[SourceTitle "CBM 164 Extra"]
[Source "ChessBase"]
[SourceDate "2015.03.02"]
[SourceVersion "1"]
[SourceVersionDate "2015.03.02"]
[SourceQuality "1"]

1. d4 Nf6 2. c4 g6 3. Nc3 Bg7 4. e4 0-0 5. Be3 d6 6. f3 Nbd7 7. Qd2 a6 8. Nge2 c5 9. d5 b5 10. cxb5 axb5 11. Nxb5 Ba6 12. Nec3 Qa5 13. Be2 Rfb8 14. a4 Bxb5 15. Bxb5 Rxb5 16. Nxb5 Qxb5 17. axb5 Rxa1+ 18. Ke2 Rxh1 19. Qa5 Rxh2 20. Qd8+ Bf8 21. Kf1 Rh1+ 22. Bg1 g5 23. g4 Rh6 24. Kg2 Rg6 25. Be3 e5 26. Bd2 h6 27. b4 Kh7 28. bxc5 dxc5 29. Qc7 c4 30. d6 Rg8 31. b6 Bg7 32. Bc3 Re8 33. b7 Bf8 34. Kf2 Kg6 35. Ke2 Rb8 36. Bb4 h5 37. gxh5+ Kxh5 38. Kd1 Kg6 39. Kc2 Bh6 40. Qc8 Bf8 41. Bc5 Rxb7 42. Qxb7 Nxc5 43. Qc8 Ncd7 44. Qc7 Kg7 45. Qc6 Kg6 46. Qc7 1/2-1/2

[Event "Groningen op 52nd"]
[Site "Groningen"]
[Date "2014.12.27"]
[Round "6"]
[White "Hoeksema, Hendrik Pieter"]
[Black "Svane, Rasmus"]
[Result "0-1"]
[WhiteElo "2342"]
[BlackElo "2507"]
[PlyCount "104"]
[EventDate "2014.12.21"]
[EventType "swiss"]
[EventRounds "9"]
[EventCountry "NED"]
[SourceTitle "CBM 164 Extra"]
[Source "ChessBase"]
[SourceDate "2015.03.02"]
[SourceVersion "1"]
[SourceVersionDate "2015.03.02"]
[SourceQuality "1"]

1. d4 Nf6 2. c4 e6 3. Nf3 c5 4. d5 exd5 5. cxd5 d6 6. Nc3 g6 7. e4 Bg7 8. Bg5 h6 9. Bh4 a6 10. Nd2 b5 11. Qc2 0-0 12. Be2 Re8 13. 0-0 Nbd7 14. Rae1 c4 15. a3 Nc5 16. f4 Qb6 17. Bf2 Qc7 18. h3 Rb8 19. Bg3 a5 20. a4 bxa4 21. Bxc4 Qb6 22. Bf2 Qxb2 23. Qxb2 Rxb2 24. Bxc5 dxc5 25. Ndb1 Nh5 26. e5 g5 27. Bb5 Rd8 28. fxg5 hxg5 29. e6 fxe6 30. dxe6 Bb7 31. Re2 Rxb5 32. Nxb5 Ng3 33. Ree1 Nxf1 34. e7 Re8 35. Nd6 Bd4+ 36. Kh1 Ng3+ 37. Kh2 Nf1+ 38. Kh1 Ne3 39. Nxe8 Bxg2+ 40. Kh2 Bc6 41. Nc7 Kf7 42. e8Q+ Bxe8 43. Nxe8 Kxe8 44. Nc3 Kd7 45. Nxa4 Kc6 46. Rb1 c4 47. Kg3 c3 48. Kf3 c2 49. Rc1 Kd5 50. Nc3+ Kc4 51. Ne2 Bb6 52. Ke4 a4 0-1

[Event "Groningen op 52nd"]
[Site "Groningen"]
[Date "2014.12.22"]
[Round "2"]
[White "Hoeksema, Hendrik Pieter"]
[Black "Bok, Benjamin"]
[Result "0-1"]
[WhiteElo "2342"]
[BlackElo "2572"]
[PlyCount "60"]
[EventDate "2014.12.21"]
[EventType "swiss"]
[EventRounds "9"]
[EventCountry "NED"]
[SourceTitle "CBM 164 Extra"]
[Source "ChessBase"]
[SourceDate "2015.03.02"]
[SourceVersion "1"]
[SourceVersionDate "2015.03.02"]
[SourceQuality "1"]

1. Nf3 g6 2. e4 d6 3. d4 Nf6 4. Nc3 Bg7 5. Be2 0-0 6. 0-0 c6 7. e5 dxe5 8. Nxe5 Bf5 9. Bf4 Nbd7 10. Bf3 Re8 11. Re1 Nf8 12. Qd2 Ne6 13. Be3 Nc7 14. Rac1 Nd7 15. Ng4 Bxg4 16. Bxg4 Nb6 17. Be2 Qd7 18. Ne4 Ne6 19. c3 Qd5 20. Qc2 Qxa2 21. Ra1 Qd5 22. Bf3 Qd7 23. Qb3 Nd5 24. Bd2 a6 25. Rad1 b5 26. Bc1 a5 27. h4 a4 28. Qc2 b4 29. c4 Nxd4 30. Rxd4 Bxd4 0-1

[Event "NED-chT 1415"]
[Site "Netherlands"]
[Date "2014.11.01"]
[Round "2.2"]
[White "Smeets, Jan"]
[Black "Hoeksema, Hendrik Pieter"]
[Result "1-0"]
[WhiteElo "2619"]
[BlackElo "2340"]
[PlyCount "145"]
[EventDate "2014.09.27"]
[EventType "team-tourn"]
[EventRounds "9"]
[EventCountry "NED"]
[SourceTitle "EXT 2015"]
[Source "ChessBase"]
[SourceDate "2014.11.20"]
[SourceVersion "1"]
[SourceVersionDate "2014.11.20"]
[SourceQuality "1"]
[WhiteTeam "En Passant"]
[BlackTeam "Groningen"]
[WhiteTeamCountry "NED"]
[BlackTeamCountry "NED"]

1. e4 c5 2. Nf3 d6 3. c3 Nf6 4. Bd3 Nc6 5. Bc2 Bg4 6. h3 Bxf3 7. Qxf3 g6 8. d3 Bg7 9. 0-0 0-0 10. Be3 Nd7 11. a3 b5 12. Qe2 a5 13. Rc1 Rb8 14. Nd2 Qc7 15. a4 b4 16. Bb3 Rfc8 17. Bc4 Qd8 18. Nb3 Nf6 19. Bf4 Nh5 20. Bg5 Rb6 21. Bb5 Rcb8 22. Nd2 bxc3 23. bxc3 Na7 24. Bc4 Qd7 25. Ba2 Nc6 26. Nc4 R6b7 27. Na3 Nf6 28. Bf4 Ne8 29. Qd1 Nc7 30. Be3 e6 31. Rc2 h5 32. Rac1 Ne7 33. Rd2 Nc6 34. Rdc2 Qe7 35. d4 cxd4 36. cxd4 Nb4 37. Rd2 d5 38. e5 Nxa2 39. Rxa2 Bf8 40. Bd2 Rb2 41. Rxb2 Rxb2 42. Nc2 Qd7 43. Bxa5 Na6 44. Ne1 Bb4 45. Bxb4 Rxb4 46. Ra1 Rc4 47. Nf3 Nb4 48. a5 Qa7 49. Qb3 Nc2 50. Ra2 Nxd4 51. Nxd4 Qxd4 52. a6 Rb4 53. Qe3 Qc4 54. Ra1 Ra4 55. Rxa4 Qxa4 56. Qb6 Qa1+ 57. Kh2 Qxe5+ 58. g3 h4 59. a7 hxg3+ 60. Kg2 Qe4+ 61. f3 Qe2+ 62. Kxg3 Qe1+ 63. Kg2 Qe2+ 64. Kg3 Qe1+ 65. Kg4 Kg7 66. h4 f5+ 67. Kh3 Qh1+ 68. Kg3 Qe1+ 69. Kh3 Qh1+ 70. Kg3 Qe1+ 71. Kg2 Qd2+ 72. Kh3 Qf4 73. Qb2+ 1-0

[Event "NED-chT 1314"]
[Site "Netherlands"]
[Date "2013.11.02"]
[Round "2.7"]
[White "Hoeksema, Hendrik Pieter"]
[Black "Bosman, Michiel"]
[Result "1/2-1/2"]
[WhiteElo "2370"]
[BlackElo "2329"]
[PlyCount "49"]
[EventDate "2013.09.21"]
[EventType "team-tourn"]
[EventRounds "9"]
[EventCountry "NED"]
[SourceTitle "EXT 2015"]
[Source "ChessBase"]
[SourceDate "2014.11.20"]
[SourceVersion "1"]
[SourceVersionDate "2014.11.20"]
[SourceQuality "1"]
[WhiteTeam "Groningen"]
[BlackTeam "Leiden LSG"]
[WhiteTeamCountry "NED"]
[BlackTeamCountry "NED"]

1. d4 e6 2. c4 Bb4+ 3. Bd2 a5 4. Nf3 d6 5. Nc3 f5 6. g3 Nf6 7. Bg2 0-0 8. 0-0 Qe7 9. Rc1 Bxc3 10. Bxc3 Ne4 11. b3 Nd7 12. Bb2 b6 13. Nd2 Bb7 14. d5 Nxd2 15. Qxd2 e5 16. a3 Nc5 17. Qc2 a4 18. b4 Nb3 19. Rce1 Rae8 20. e3 Bc8 21. Qc3 Bd7 22. f4 e4 23. g4 Rc8 24. Rd1 h6 25. Rf2 1/2-1/2